| 000 | 01703nam2a22003971 4500 | ||
|---|---|---|---|
| 001 | RU\NLR\A1SV\3986 | ||
| 005 | 20251203152403.2 | ||
| 035 | _a(NLR Aleph) 009689990 | ||
| 090 |
_a13477365 _c13477365 |
||
| 100 | _a20090506d1927 u y0rusy50 ca | ||
| 101 | 0 | _arus | |
| 200 | 0 | _aВып.3 | |
| 210 | _d1927 | ||
| 215 |
_aVIII, 188 с. _cил. |
||
| 300 | _aАвт.: А.Н.Брюханенко, П.Массагетов, Н.Донцов, Н.Сосновский, П.Белоруков, Б.Музалевский, Э.Филлипс, Димютс, С.Брояковский, В.Попов, Ю.Прилуцкий | ||
| 320 | _a"Список современных журналов по пчеловодству, издаваемых в различных районах СССР" с.188; "Материалы по медоносам Средней Азии": с.73-74 | ||
| 461 | 1 |
_1001RU\NLR\A1SV\3983 _12000#$vВып.3 _99732289 _cМ. _d1925 _nГос. изд. _tНовости русского и иностранного пчеловодства _vВып.3 |
|
| 702 | 1 |
_aБрюханенко _bА.Н. _f1873-1967 _gАлександр Николаевич |
|
| 702 | 1 |
_aФиллипс _bЭ. |
|
| 702 | 1 |
_aДимютс _bД. |
|
| 702 | 1 |
_aМассагетов _bП. |
|
| 702 | 1 |
_aДонцов _bН. |
|
| 702 | 1 |
_aСосновский _bН. |
|
| 702 | 1 |
_aБелоруков _bП. |
|
| 702 | 1 |
_aМузалевский _bБ. |
|
| 702 | 1 |
_aБрояковский _bС. |
|
| 702 | 1 |
_aПопов _bВ. |
|
| 702 | 1 |
_aПрилуцкий _bЮ. |
|
| 801 | 0 |
_aRU _bNLR _c20090506 |
|
| 899 | _aРНБ | ||
| 942 | _cBOOK | ||
| 980 | _aA1SV | ||
| 980 | _aA1SV | ||
| 980 | _aA1SV | ||
| 980 | _aNB | ||